000 00966nam a2200265 i 4500
001 185694
003 SpMaBN
005 20250929063305.0
008 160803s1994 sp |||| |dspa d
020 _a84-350-9132-5
080 _a821.133.1-84"16"
100 1 _aLa Rochefoucauld, François,
_cduc de
_9138636
245 1 0 _aMáximas
_b: reflexiones o sentencias y máximas morales /
_cFrançois de La Rochefoucauld ; introducción, traducción y notas de Carlos Pujol ; epílogo de Giovanni Maccia.
250 _a1ª ed.
260 _aBarcelona :
_bEdhasa,
_c1994.
300 _a166 p. ;
_c19 cm.
490 1 _aAforismos ;
_v7
500 _aÍndice.
504 _aBibliografía: p. [153]-155.
650 0 4 _aÉtica-
_vMáximas y aforismos.
_912582
700 1 _aPujol, Carlos,
_d1936-2012
_994332
830 0 _aAforismos ;
_v7
_9180594
852 _aES-MaACL
_jL-30497
_z- Enc. cart.
_z. - Donat. Miguel A. Velasco
999 _c185694
_d185694